| 000 | 00857nam a22001577a 4500 | ||
|---|---|---|---|
| 003 | OSt | ||
| 005 | 20151006110636.0 | ||
| 008 | 151006b xxu||||| |||| 00| 0 eng d | ||
| 040 | _cRUA | ||
| 082 | _aAVM KHO 2005 B074 Or.1 | ||
| 100 |
_92136 _aKHOEURN, SOKHENG. |
||
| 245 | _aepidemiological survey of the importance of cattle infectous disease within lutheran world federation target community oral district kampong speu province ( ការសិក្សាពីសភាពរាតត្បាតនៃជម្ងឺឆ្លងសំខាន់ៗលើគោនៅក្នុុងសហគមន៍ ប្រត្តិបត្តិការ lutheran world federation ស្រុកឱរ៉ាល់ ខេត្តកំពង់ស្ពឺ ) | ||
| 260 |
_aPhnom Penh _bRUA _c2003 |
||
| 300 |
_aix, 67p. _bill. _c29cm. |
||
| 942 |
_2ddc _cAVM |
||
| 999 |
_c2007 _d2007 |
||